| 000 | 00557nam a2200193Ia 4500 | ||
|---|---|---|---|
| 008 | 090124s9999 xx 000 0 und d | ||
| 082 | _b42078 | ||
| 100 | _aकौर बचिंत | ||
| 245 | _a पाऊलवाटा | ||
| 250 | _a1 | ||
| 260 |
_bचंद्रकला प्रकाशन _c2004 |
||
| 300 | _a132 | ||
| 600 | _aकौर बचिंत | ||
| 630 | _a पाऊलवाटा | ||
| 700 | _aकौर बचिंत | ||
| 700 | _aजोशी विमला | ||
| 730 | _a पाऊलवाटा | ||
| 942 | _cBOOK | ||
| 999 |
_c108296 _d108296 |
||